000 00514nam a22001817a 4500
999 _c61736
_d61736
005 20240425121127.0
008 240425s2008 enk||||| |||| 00| 0 eng d
020 _a9780443069468x
041 _aeng
080 _a616.8 F-96
100 _aFuller, G.
_921932
245 _aNeurological Examination Made Easy /
_cG. Fuller.
250 _aFourth Editon
264 _aEdinburgh :
_bElsevier,
_c2008.
300 _a248 p.:
_bill.;
_c22 cm.
653 _aნევროლოგია
942 _2udc
_cᲬᲘᲒᲜᲘ